[Event "Corus"]
[Site "Wijk aan Zee"]
[Date "2000.01.28"]
[Round "11"]
[White "Kasparov, Garry"]
[Black "Leko, Peter"]
[Result "1/2-1/2"]
[WhiteElo "2851"]
[BlackElo "2725"]
[Annotator "Rogozenco,D"]
[PlyCount "68"]
[EventDate "2000.01.15"]
[EventType "tourn"]
[EventRounds "13"]
[EventCountry "NED"]
[EventCategory "18"]
[SourceTitle "CBM 075"]
[Source "ChessBase"]
[SourceDate "2000.04.05"]
[SourceVersion "1"]
[SourceVersionDate "2000.04.05"]
[SourceQuality "1"]

1. e4 c5 2. Nf3 Nc6 3. d4 cxd4 4. Nxd4 Nf6 5. Nc3 e5 6. Ndb5 d6 7. Bg5 a6 8.
Na3 b5 9. Bxf6 {Kasparov used to play 9.Nd5 here.} gxf6 10. Nd5 f5 11. c3 Bg7
12. exf5 Bxf5 13. Nc2 Be6 {Two rounds before, Leko played 13. ... 0-0 14.Nce3
Bg6 !? with Judith Polgar. Although he reached a rather comfortable draw in
that game, against Kasparov he decided to go for a main line.} 14. a4 {This
move was never popular. Last year Anand tried it in two games (once in this
position against Lautier, Monte Carlo, 1999 and once in a slightly different
one against Khalifman, Beograd, 1999), but haven't got anything out of the
opening. Kasparov has an interesting idea in his mind, but it seems that Black
is OK even after that.} O-O 15. axb5 axb5 16. Rxa8 Qxa8 17. Nce3 (17. Nc7 Qa2 {
[%csl Gb2]}) (17. Bxb5 Nd4 {[%cal Gb7g2] and the practice has shown that in
both cases Black faces no problems at all.}) 17... Qb7 18. g4 $5 {[%csl Gd5,
Ge4,Gf5] This is what Kasparov prepared for this game. White prevents f7-f5
and tries to use his extra piece on the white squares.} (18. Bd3 f5 19. O-O Kh8
$11 {0,5 Anand-Lautier/Monte Carlo 1999 (23).}) 18... Ne7 $1 19. Bg2 Nxd5 20.
Bxd5 (20. Nxd5 {This is not in the spirit of the position. White needs the
Knight on e3 for controlling the f5-square.} Qd7 21. g5 f5 $132) 20... Qe7 21.
h4 {Well, this is more a prophylactic move than an attacking one. White covers
the weaknesses of the black squares. On the other hand making so many pawn
moves is quite risky, and if Black will succeed to open the position, White
can find himself in trouble.} (21. Bxe6 $2 fxe6 $17 {[%cal Gf8f2]}) (21. Be4 $5
) 21... Rc8 {Right plan - fighting for d5 square and looking for counterplay
in the center.} 22. g5 (22. Be4 Rc5) 22... Rc5 {/\23. ... Bd5 and 24. ... Qb7.}
23. Be4 {White cannot blockade the d-pawn anymore.} d5 $1 24. Nxd5 (24. Bxd5 $2
Bxd5 25. Nxd5 Qb7 $19) 24... Bxd5 25. Bxd5 e4 $132 26. Ke2 (26. Qb3 e3 27. O-O
Qd7 $36) 26... Qe5 27. Bb3 Qc7 28. Qg1 $5 {Unusual move, trying to open the
position of the Black's King.} (28. Qd2 Rf5 29. Rd1 Qh2 $40) 28... b4 {Black
has enough counterplay.} 29. g6 hxg6 30. Qxg6 Kf8 31. Qg3 {White should go for
a draw. Playing for an attack is simply too risky, due to bad position of the
King on e2.} (31. Qg4 $2 bxc3 32. Rg1 (32. bxc3 Rxc3 (32... Rb5 $5 33. Rg1 f5 (
33... Qxc3 34. Rg3 Qb2+ 35. Kf1 Rxb3 36. Qc8+ Ke7 37. Qc7+ Ke8 38. Qc6+ $11)
34. Qg5 Rxb3 35. Qxf5+ Kg8 36. Qd5+ Qf7 37. Qxf7+ Kxf7 38. Rg4 $17) 33. Rg1 Qe5
34. Qd7 Qf6 $17 {and Black defends everything.}) 32... f5 33. Qg6 cxb2 34. Rd1
Rc2+ 35. Kf1 Rxf2+ $1 36. Kxf2 Qh2+ 37. Ke3 Qh3+ 38. Kf2 Bd4+ 39. Rxd4 Qf3+ $19
) 31... Qxg3 (31... Be5 $2 32. Qg4 bxc3 33. Rg1 $40) 32. fxg3 bxc3 33. bxc3
Rxc3 34. Bd5 Rxg3 1/2-1/2

[Event "Cutro 07th"]
[Site "Cutro"]
[Date "2001.04.23"]
[Round "2"]
[White "Aleksic, Nenad"]
[Black "Halkias, Stelios"]
[Result "0-1"]
[WhiteElo "2417"]
[BlackElo "2494"]
[Annotator "Rogozenco,D"]
[PlyCount "90"]
[EventDate "2001.04.22"]
[EventType "tourn"]
[EventRounds "10"]
[EventCountry "ITA"]
[EventCategory "9"]
[SourceTitle "CBM 083"]
[Source "ChessBase"]
[SourceDate "2001.07.05"]
[SourceVersion "1"]
[SourceVersionDate "2001.07.05"]
[SourceQuality "1"]

1. e4 c5 2. Nf3 Nc6 3. d4 cxd4 4. Nxd4 Nf6 5. Nc3 e5 6. Ndb5 d6 7. Bg5 a6 8.
Na3 b5 9. Bxf6 gxf6 10. Nd5 Bg7 11. g3 f5 12. Bg2 fxe4 13. Bxe4 Be6 14. Qh5 {
Keeping black king in the center for a while.} Rc8 15. c3 Ne7 16. Rd1 {About
15 years ago GM Zigurds Lanka and later GM Alonso Zapata used to play this
line for White in several games, but with no particular success. Black must
play accurate in order to neutralize White's pressure on the d-file.} Nxd5 (
16... Rc5 17. Nb4 Qb6 18. Qg5 Kf8 19. Qe3 {is another option for Black worth
considering.} f5 20. Bg2 e4 $11) 17. Bxd5 Qd7 (17... O-O 18. O-O Rc5 $11) 18.
O-O (18. Bxe6 Qxe6 19. Nc2 O-O 20. O-O f5 21. Qh3 d5 22. Rfe1 a5 23. Ne3 Rcd8
24. Rd2 b4 25. Red1 d4 26. cxd4 exd4 27. Ng2 Qxa2 28. Nf4 a4 $17 {0-1 Lanka,
Z-Vyzhmanavin,A/Sverdlovsk 1987 (59)}) 18... O-O {Now the threat is Bg4, so no
time for Nc2.} (18... Rc5 19. Bxe6 Qxe6 20. Nc2 O-O 21. Qe2 (21. Ne3 f5 22. Qh3
d5 23. a3 Qf7 24. Rd2 f4 $132 25. gxf4 exf4 26. Nc2 f3 27. Kh1 Rc6 28. Ne3 Bh6
$2 29. Rxd5 $1 Bxe3 30. Rd7 Qf5 31. Rg1+ {1-0 Smirin,I-Palac,M/Cap d'Agde 1994}
) 21... f5 22. f4 Kh8 23. a4 Rc4 $11 {0-1 Zapata,A-Yakovich,Y/Santa Clara 1990
(46)}) (18... Bg4 {interesting that nobody ever played this. However, White
gets good positional compensation for the exchange.} 19. Qg5 (19. Bxf7+ Ke7 $1)
19... f6 20. Qh4 Bxd1 21. Rxd1 h5 22. Nc2 $44) 19. Rd2 Rc5 {Thanks to this
maneuver (Ra8-c8-c5) Black starts immediately the fight for square d5 and
White has no time to bring the knight a2 into play.} 20. Qd1 Rd8 (20... Bh3 21.
Re1 Rd8 22. Nc2 Bg4 23. Bf3 Bxf3 24. Qxf3 Qe6 25. Nd4 Qd5 26. Qxd5 Rxd5 27. Nb3
Rxd2 28. Nxd2 d5 $15 {1/2-1/2 Zapata,A-Gamboa,N/Bogota 1992 (46)}) (20... Bxd5
$6 21. Rxd5 Qe6 $6 (21... Rd8 22. Nc2 $14) 22. Rxd6 Qxa2 23. Qb1 (23. Qa1 Qb3
24. Rxa6) 23... Qxb1 24. Rxb1 Ra8 25. Ra1 $16 {1-0 Zapata,A-Adla,D/Sao Paulo
1992 (39)}) 21. Nc2 Bh6 22. Ne3 (22. Rd3 Bf5 $17) 22... Kg7 23. Qf3 (23. Bxe6
fxe6 24. Qg4+ Kh8 $13) 23... Rxd5 (23... Bxd5 24. Rxd5 Bxe3 25. fxe3 Rxd5 26.
Qxd5 Qe6 {- 23. ... Rxd5.}) 24. Rxd5 Bxe3 25. fxe3 Bxd5 26. Qxd5 Qe6 27. Rd1 $6
(27. Qf3 $142 $11) 27... Qxd5 28. Rxd5 Kf6 {Suddenly it turns out that Black
is simply better in the endgame. His king is more active and he has several
ideas of improving the position, the simplest one is just pushing the
queenside pawns.} 29. e4 (29. g4 $5 Ke6 30. Rd2 $17) 29... Ke6 30. Kf2 (30. a4
bxa4 31. Ra5 Rb8 32. Rxa6 Rxb2 33. Rxa4 h5 $17) (30. g4 $2 Rg8 31. h3 h5 $19)
30... f5 31. Ke3 Rc8 32. Rd2 fxe4 33. Kxe4 a5 34. Kd3 (34. a3 $142 d5+ $17)
34... d5 35. Rf2 b4 36. Rf1 Rc4 37. Rf8 (37. cxb4 e4+ 38. Kd2 Rxb4 $19) 37...
bxc3 38. bxc3 e4+ 39. Kd2 Ra4 $19 40. Re8+ Kd7 41. Re5 Rxa2+ 42. Ke3 Kd6 43.
Rh5 Rc2 44. Rxh7 Rxc3+ 45. Kd2 d4 0-1

[Event "Foros Aerosvit"]
[Site "Foros"]
[Date "2007.06.27"]
[Round "9"]
[White "Jakovenko, Dmitrij"]
[Black "Shirov, Alexei"]
[Result "0-1"]
[WhiteElo "2708"]
[BlackElo "2699"]
[Annotator "Rogozenco,D"]
[PlyCount "106"]
[EventDate "2007.06.18"]
[EventType "tourn"]
[EventRounds "11"]
[EventCountry "UKR"]
[EventCategory "18"]
[SourceTitle "CBM 119"]
[Source "ChessBase"]
[SourceDate "2007.08.01"]
[SourceVersion "1"]
[SourceVersionDate "2007.08.01"]
[SourceQuality "1"]

1. e4 c5 2. Nf3 Nc6 3. d4 cxd4 4. Nxd4 Nf6 5. Nc3 e5 6. Ndb5 d6 7. Bg5 a6 8.
Na3 b5 9. Nd5 Be7 10. Bxf6 Bxf6 11. c3 Bg5 12. Nc2 O-O (12... Ne7 13. h4 Bh6
14. a4 bxa4 15. Ncb4 O-O 16. Qxa4 Nxd5 (16... a5 17. Bb5 $14) (16... f5 17. Qa5
$1 $16) 17. Nxd5 a5 18. Bb5 Kh8 $146 (18... Be6 19. Bc6 Rb8 20. b4 axb4 21.
cxb4 $14) 19. b4 f5 20. Bc6 Ra7 21. exf5 Bxf5 22. bxa5 {1-0 Karjakin,S (2678)
-Shirov,A (2715)/Wijk aan Zee 2007 (41)}) 13. a4 bxa4 14. Rxa4 a5 15. Bc4 Rb8
16. b3 Kh8 17. Nce3 g6 {In my opinion the only difficulty to play this entire
variation with Black is connected with a large amount of new theory. However,
unlike in the last Corus tournament, where against Karjakin Shirov went for a
less principled line (see above), this time Alexey came well prepared for the
real theoretical battle.} ({Worse is} 17... Bxe3 18. Nxe3 Ne7 19. O-O f5 (19...
Bb7 20. Qc2 $14) 20. exf5 Bxf5 (20... Nxf5 21. Nxf5 Bxf5 22. Qd5 $16) 21. Nxf5
Rxf5 22. Bd3 Rf6 23. Bc2 d5 24. Qe2 Qc7 25. c4 Rd8 26. cxd5 Rxd5 27. Rh4 g6 28.
Rc4 Rc5 29. Bd3 Rxc4 30. Bxc4 Qc5 31. Rd1 Rd6 32. Re1 $14 Nc6 $2 33. Qf3 $18 {
1-0 Lahno,K (2468)-Llaneza Vega,P (2276)/Turin 2006 (35)}) 18. h4 {The
ambitious pawn sacrifice leads to sharp and complicated variations. As I
pointed out with many occasions before, in the arising double-edged positions
Black has sufficient resources and his chances are not worse.} (18. O-O f5 19.
exf5 gxf5 $13 {/=}) 18... Bxh4 19. g3 Bg5 (19... Bf6 20. Ra2 {transposes to
the well-known game Ponomariov-Kramnik, Corus 2005, where after} Bg7 21. f4
exf4 22. gxf4 {White developed a strong attack. That game set the fashion for
the plan h2-h4 with the idea Ra2 and f2-f4, hoping to transfer quickly the
queen's rook to the kingside.}) 20. f4 exf4 21. gxf4 Bh4+ 22. Kd2 {White's
king is looking for safety on the queenside.} ({After} 22. Kf1 {Black has a
good play by opening the f-file:} f5 23. Ra2 (23. exf5 Bxf5 24. Nxf5 Rxf5 {
[%csl Rf1]} 25. Qg4 Bg5 $15 26. Kg2 $2 Bxf4 $1 27. Nxf4 Rg5 $19 {0-1 Delchev,A
(2661)-Kotanjian,T (2471)/Kusadasi 2006 (28)}) 23... fxe4 24. Rah2 g5 25. Ng2
Rb7 26. Nxh4 gxh4 27. Rxh4 Rg7 28. Qh5 Bf5 $11 {/=/+}) 22... Ne7 ({Now it
makes less sense to open the kingside:} 22... f5 23. exf5 Bxf5 24. Nxf5 Rxf5
25. Kc1 $14) 23. Kc1 {In the game White won't use the second rank for the rook
transfer, therefore from that point of view more logical seems to place the
king on c2 at once.} (23. Kc2 Nxd5 24. Nxd5 Be6 {offers mutual chances. I
believe this is the right direction for White, if he is willing to search for
an edge in the whole variation.} 25. Ra1 (25. Qd4+ Kg8 26. Rha1 Bxd5 27. Qxd5
Bg3 28. Rf1 {1/2-1/2 Leskur,D (2477)-Vukic,M (2506)/Zlatibor 2006}) 25... Bf6
26. Rh2 Bg7 27. Qd2 a4 $1 28. Rah1 (28. Rxa4 Ra8 $132) 28... axb3+ 29. Bxb3
Bxd5 30. Rxh7+ Kg8 31. Bxd5 Qf6 $11 {1/2-1/2 Korneev,O (2638)-Solak,D (2564)/
Vrsac 2006 (39)}) 23... Nxd5 24. Nxd5 Be6 (24... Bf6 $2 25. Ra2 $40 {[%cal
Ga2h2]}) 25. Qd4+ Kg8 26. Kb1 {The king is still looking for a safe position.}
({After the planned} 26. Ra2 Bxd5 27. Qxd5 (27. Bxd5 Bf6 28. Qd3 Qc7 $15) 27...
Qf6 {[%csl Rf4] Black is in time for counterplay:} 28. Qd2 (28. Rah2 Qxf4+ 29.
Kb1 g5 $17) 28... Bg3 29. Rf1 d5 $1 (29... h5 30. Rxa5 Ra8 31. e5 $1 $36 {
1/2-1/2 Topalov,V (2757)-Leko,P (2749)/Linares 2005 (57)}) 30. Bxd5 (30. exd5
Rfe8 {[%cal Ge8e4]} (30... h5 $5 31. Rxa5 Ra8 32. Rxa8 Rxa8 $44) 31. Rf3 (31.
d6 Rbd8 $1) (31. Rxa5 $6 Re1+ $1 32. Rxe1 Bxf4 33. Re3 Qb6 34. Re8+ Rxe8 35.
Qxf4 Qxa5 $17) 31... Qh4 32. d6 Re4 33. Ra4 $1 Kg7 $13) 30... g5 31. Kb2 (31.
f5 Rfc8 32. Kc2 Bf4 33. Qd3 Rc5 $15) (31. e5 $2 Qxf4 $17) 31... Bxf4 32. Rxa5
Rbc8 $13 {1/2-1/2 Korneev,O (2638)-Devereaux,M (2377)/Port Erin 2006 (59)})
26... Bxd5 27. Qxd5 Bf6 28. Kc2 $146 {This novelty is indeed better than the
previously played 28.Rxa5. Nevertheless making another move with the king only
shows that White does not pretend to having achieved an advantage. Generally I
believe that in this game Jakovenko's opening preparation was rather
superficial: White didn't find anything forced in the lines starting with 26.
Ra2 and instead decided simply to play a position where Black has no reasons
to be unhappy.} ({In the following game White won after} 28. Rxa5 Qc7 $6 (28...
Bxc3 29. Ra6 (29. Ra7 Qf6 30. Rh3 Bd4 $15) 29... Ra8 $5 (29... Rb6 30. Ra7 Qf6
31. Rh3 Bd4 $13 {is still a possible alternative}) 30. Rxd6 (30. Rxa8 Qxa8 31.
Qxa8 Rxa8 $17) 30... Qb8 $1 $15 {[%csl Rf4][%cal Gb8b4,Gb8f4] and White's king
is more vulnerable.}) 29. Kc2 Qb6 30. Rf1 Rbd8 31. Ra6 Qe3 32. Qd3 Qc5 33. Qd5
Qe3 34. Qd3 Qc5 35. b4 Qc7 36. Qd5 Bg7 37. f5 $36 {1-0 Lahno,K (2468)-Voiska,M
(2314)/Turin 2006 (51). But Black's play was rather poor. The first moment to
improve was simply to take on c3, as shown in analysis.}) 28... Qb6 {Notice
that Black is a pawn up and giving it back in order to activate pieces is not
even a real sacrifice.} 29. Rf1 (29. Rxa5 Qf2+ (29... Qe3 30. Qd3 Qxf4 31. Qh3
h5 $13) 30. Qd2 Qf3 31. Re1 Ra8 $11) 29... Qe3 30. Qd3 Qc5 {Possibly Shirov
wanted to repeat moves once, or maybe he just thought that Black has more
chances with queens on the board. However, Jakovenko avoids playing 31.Qd5.} ({
After the objectively strongest} 30... Qxd3+ 31. Kxd3 Bd8 $15 {only Black can
play for a win in endgame.}) 31. Rd1 Rb6 32. Qg3 Ra8 33. Rd5 {Now White
activated the pieces, which helps him to hold the balance.} Qc7 34. Rf5 Qd8 (
34... Kg7 35. e5 dxe5 36. fxe5 Bh4 37. Qg4 f6 {looks risky for Black, even if
the position is anything but clear}) 35. Rd5 ({Now} 35. e5 $6 {is met by} d5
$17) 35... Qc7 36. Qh3 $2 {White is wrongly playing for a win. Indeed Black's
extra pawn doesn't play a role now, but on the other hand White has no
objective reasons to avoid the repetition.} Ra7 37. Qe3 Rb8 38. Qd3 Rd8 39. Qd2
Kg7 {Now Black consolidated and it becomes clear that White is struggling to
survive.} 40. Rd3 h5 $17 41. e5 {This leaves Black with two connected passed
pawns, but it is not easy for White to wait.} (41. Ra1 a4 $17 {[%csl Rc4]})
41... dxe5 42. fxe5 Be7 43. Qf4 Rxd3 $1 44. Qxf7+ Kh6 45. Bxd3 (45. Kxd3 Qxe5
$17) ({The tricky} 45. Qf4+ g5 46. Qf5 {is refuted by} Rxc3+ $1 ({not} 46...
Rd8 47. Qe6+ Kg7 48. Qf7+ Kh8 49. Qxh5+ Kg7 50. Qf7+ $11) 47. Kxc3 Qd7 $1 48.
Qxd7 Bb4+ $19 {[%cal Ga7d7]}) 45... Qxc3+ $1 46. Kxc3 Bb4+ 47. Kd4 Rxf7 48. e6
Rg7 {Square e7 is well controlled and the connected passed pawns will sooner
or later decide the game in Black's favour. In fact they advance very quickly.}
49. Ra1 ({Trying to promote the e-pawn is hopeless:} 49. Kd5 g5 50. Rxb4 axb4
51. Kd6 g4 52. e7 Rxe7 ({or} 52... Rg8 53. Kd7 h4 54. e8=Q Rxe8 55. Kxe8 h3 56.
Bf1 Kg5 $19) 53. Kxe7 Kg5 $19) 49... g5 50. Rf1 g4 51. Ke4 ({The endgame is
also lost after the exchange of rooks:} 51. Rf7 Rxf7 52. exf7 Kg5 53. Ke3 h4
$19 54. Bb5 (54. Be4 h3 55. Bb7 Bc5+ 56. Ke2 g3 $19 {[%cal Gg3g2]}) 54... h3
55. Bd7 Kh4 $19 {[%cal Gg4g3,Gg3g2]}) ({More resistant was} 51. Rf6+ Kg5 52.
Rf5+ {but it wouldn't have changed the result after} Kh4 $19) 51... Be7 52. Be2
h4 53. Rf5 (53. Rg1 h3 $19 (53... g3 $2 54. Kf3 $17)) 53... g3 0-1

[Event "Foros Aerosvit"]
[Site "Foros"]
[Date "2007.06.22"]
[Round "5"]
[White "Jakovenko, Dmitrij"]
[Black "Ivanchuk, Vassily"]
[Result "1/2-1/2"]
[WhiteElo "2708"]
[BlackElo "2729"]
[Annotator "Rogozenco,D"]
[PlyCount "78"]
[EventDate "2007.06.18"]
[EventType "tourn"]
[EventRounds "11"]
[EventCountry "UKR"]
[EventCategory "18"]
[SourceTitle "CBM 119"]
[Source "ChessBase"]
[SourceDate "2007.08.01"]
[SourceVersion "1"]
[SourceVersionDate "2007.08.01"]
[SourceQuality "1"]

1. e4 c5 2. Nf3 Nc6 3. d4 cxd4 4. Nxd4 Nf6 5. Nc3 e5 6. Ndb5 d6 7. Bg5 a6 8.
Na3 b5 9. Nd5 Be7 10. Bxf6 Bxf6 11. c3 O-O 12. Nc2 Rb8 13. h4 Be7 14. Nce3 Be6
15. Qf3 Qd7 16. Rd1 Bd8 17. Be2 Ne7 18. h5 h6 19. O-O Qc8 {The latest fashion.
The black queen leaves the d-file and keeps control over square f5, preventing
Ne3-f5.} (19... Bb6 20. Nf5 Nxd5 (20... Bxd5 21. Rxd5 $1 Nxd5 $2 22. Qg4 Qxf5
23. Qxf5 Nf6 24. Rd1 $18 {1-0 Korneev,O (2671)-Khairullin,I (2544)/Sochi 2006 
(48)}) 21. Rxd5 $1 Bxf5 (21... Bxd5 $2 22. Qg4) 22. exf5 Qe7 23. Bd3 Rfd8 24.
Rd1 Rbc8 25. Be4 $14 {1-0 Kudrin,S (2551)-Eljanov,P (2663)/Khanty Mansiysk
2005 (51)}) 20. Nxe7+ (20. Nf5 $2 Nxf5 21. exf5 Bxf5 22. Ne3 Be6 23. Rxd6 Bc7
24. Rd2 f5 $17) (20. Rd3 Nxd5 21. Nxd5 (21. exd5 Bd7 $132 {[%cal Gf7f5]}) 21...
Bg5 22. Rfd1 Rd8 $11 (22... a5 $11)) 20... Bxe7 21. b3 $5 $146 {An improvement
over a game of Karjakin, played several weeks before. White not only protects
pawn a2, but also new he always is ready to meet opponent's advance ...b4 with
c4. Moreover, he can even consider to play c4 with the black pawn on b5. On
the other hands the main drawback is obvious too: now the pawn c3 lacks
protection.} (21. Nf5 Qc7 22. Bd3 (22. a3 Rfd8 $11) 22... Bg5 23. Bc2 b4 $1 24.
Nxd6 (24. Bb3 $142 $11) 24... Rfd8 25. Nf5 bxc3 26. bxc3 Bxa2 $15 {0-1
Karjakin,S (2686)-Yakovich,Y (2600)/Dagomys 2007/ (75)}) (21. Nd5 Bd8 22. a3 a5
$11) 21... Bg5 {Ivanchuk forces the matters, exploiting immediately the
weakness on c3.} (21... Qc5 22. Nf5 Rfe8 (22... Bxf5 23. exf5 Rfc8 24. c4 $14 (
24. Rd3 $14)) 23. Rd2 $13) (21... Qxc3 $2 22. Nd5 Qxf3 23. Nxe7+ $18) (21...
Rd8 22. Nd5 Bg5 23. Rd3 Qc5 {[%cal Gc5a3]} 24. b4 $5 Qc8 25. Bd1 $13 {/+/=})
22. Rxd6 ({Instead of taking the sacrificed pawn White had an interesting,
although rather risky alternative to produce himself a positional sacrifice:} 
22. Nf5 $5 d5 {This is not forced, but quite tempting.} (22... Bxf5 23. exf5
Qc5 {[%csl Ra2][%cal Gc5a3]}) 23. Rxd5 Bxd5 24. exd5 e4 25. Qh3 $44 (25. Qxe4
$2 Re8 26. Qd3 Rxe2 $19 27. Qxe2 Qxf5 $19)) (22. Nd5 Rd8 $11) 22... Qxc3 23.
Rxa6 Bxe3 24. Qxe3 (24. fxe3 Rfd8 $44) 24... Qxe3 25. fxe3 Rfc8 {In return for
the sacrificed pawn Black destroyed opponent's pawn formation and activated
his pieces. This should be enough and Ivanchuk convincingly achieves a draw.} (
{Worse is} 25... Ra8 26. Bxb5 Rxa6 27. Bxa6 Ra8 {since now White has an
additional possibility} 28. Bb7 (28. Bb5 Rxa2 29. Rb1 {leads to the game})
28... Rxa2 29. Rb1 {[%cal Gb7d5]}) 26. Ra5 ({Black also has compensation after
} 26. Rd1 Rc2 {For instance:} 27. Kf1 Rb2 28. Ra5 (28. Ke1 Rc8 29. Rd2 Rc1+ 30.
Bd1 Rbb1 $44 31. Rd8+ $140 Kh7 32. Raa8 g6 33. hxg6+ Kxg6) 28... Rc8 29. Rxb5
Rcc2 30. Bf3 Rxa2 $44) 26... Ra8 {It seems that already here Ivanchuk figured
out that he will be able to transpose into a drawish bishops endgame.} ({
Otherwise Black could also play} 26... b4 27. Rxe5 Ra8 $11) 27. Rxa8 Rxa8 28.
Bxb5 Rxa2 29. Rb1 (29. Ba4 Rb2 30. Rf2 Rb1+ 31. Rf1 Rb2 $11) 29... Ra3 $1 30.
b4 (30. Ba4 Kf8 $44 {[%csl Ra4,Rb3]}) 30... Kf8 {King's activity is more
important than taking the pawn on e3, which plays no role at all.} ({After} 
30... Rxe3 $2 31. Bc6 {Black is in troubles:} Rb3 (31... Kf8 32. b5 Rd3 33. b6
Rd8 34. b7 Rb8 35. Ra1 $18) 32. Rxb3 Bxb3 33. b5 Ba4 34. Bd7 Bc2 35. b6 Bxe4
36. Bc8 {and taking into consideration that White has a light-squared bishop,
perhaps Black will be able to make a draw with a piece down. But perhaps not.
Of course there is no point to calculate all this. Ivanchuk's decision is much
more simple.}) 31. Bc6 Rb3 $1 32. Rxb3 Bxb3 $11 33. Bd5 (33. b5 Ba4 {with
inevitable ...Kf8-e7-c5.}) 33... Ba4 34. Kf2 Ke7 35. Bc4 {White can't break
through. His kingside pawns are extremely poorly blockaded on the light
squares.} ({After} 35. Ke2 f6 36. Kd3 Be8 37. Kc4 Kd6 {white king goes nowhere.
Then} 38. b5 (38. g4 Bd7) 38... Bxh5 39. b6 Be2+ 40. Kb4 h5 {can be bad only
for White}) 35... Bc2 36. Kf3 f6 37. g3 Kd6 38. Ke2 (38. Bd5 $6 Bd1+ {[%csl
Rh5]}) 38... Bxe4 39. Bd3 Bc6 1/2-1/2